书目信息 |
| 题名: |
国际货运风险与保险
|
|
| 作者: | 顾寒梅 编著 | |
| 分册: | ||
| 出版信息: | 北京 对外经济贸易大学出版社 2013 |
|
| 页数: | 233页 | |
| 开本: | 23cm | |
| 丛书名: | ||
| 单 册: | ||
| 中图分类: | F511.41 , F840.63 | |
| 科图分类: | ||
| 主题词: | 国际运输--货物运输--风险分析--教材 , 国际运输--货物运输--运输保险--教材 , 国际运输 , 货物运输 , 风险分析 , 交通运输保险 | |
| 电子资源: | ||
| ISBN: | 978-7-5663-0792-7 | |
| 000 | 01247nam0 22003491 450 | |
| 001 | 519 | |
| 005 | 20140909094721.45 | |
| 010 | @a978-7-5663-0792-7@dCNY32.00 | |
| 100 | @a20131212d2013 em y0chiy50 ea | |
| 101 | 0 | @achi |
| 102 | @aCN@b110000 | |
| 105 | @ay z 000yy | |
| 106 | @ar | |
| 200 | 1 | @a国际货运风险与保险@AGuo Ji Huo Yun Feng Xian Yu Bao Xian@f顾寒梅主编@FGu Han Mei Zhu Bian |
| 205 | @a3版 | |
| 210 | @a北京@c对外经济贸易大学出版社@d2013 | |
| 215 | @a233页@d23cm | |
| 300 | @a经贸名家经典规划教材 | |
| 312 | @a封面英文题名:International cargo risks and insurance | |
| 330 | @a本书介绍了国际货物运输保险中不同险别的具体内容和操作方法。内容包括总论、货物运输保险的发展历史、保险合同、保险合同适用的基本原则、海洋运输货物保险保障的范围、海洋运输货物保险条款、国际货物运输保险实务等。 | |
| 510 | 1 | @aInternational cargo risks and insurance@zeng |
| 606 | 0 | @a国际运输@x货物运输@x风险分析@j教材 |
| 606 | 0 | @a国际运输@x货物运输@x运输保险@j教材 |
| 606 | 0 | @a国际运输 |
| 606 | 0 | @a货物运输 |
| 606 | 0 | @a风险分析 |
| 606 | 0 | @a交通运输保险 |
| 690 | @aF511.41@v5 | |
| 690 | @aF840.63@v5 | |
| 701 | 0 | @a顾寒梅@AGu Han Mei@g(女)@4编著 |
| 801 | 0 | @aCN@bTANGWEI@c20140603 |
| 905 | @b0836994-96@dF511.41@e9=3@f3 | |
| 国际货运风险与保险/顾寒梅主编.-3版.-北京:对外经济贸易大学出版社,2013 |
| 233页;23cm |
| 经贸名家经典规划教材 |
| ISBN 978-7-5663-0792-7:CNY32.00 |
| 本书介绍了国际货物运输保险中不同险别的具体内容和操作方法。内容包括总论、货物运输保险的发展历史、保险合同、保险合同适用的基本原则、海洋运输货物保险保障的范围、海洋运输货物保险条款、国际货物运输保险实务等。 |
| ● |
| 相关链接 |
|
|
|
|
正题名:国际货运风险与保险
索取号:F511.41/9=3
 
预约/预借
| 序号 | 登录号 | 条形码 | 馆藏地/架位号 | 状态 | 备注 |
| 1 | 0836994 | 208369941 | 第一样本阅览室/ [索取号:F511.41/9=3] | 在馆 | |
| 2 | 0836995 | 208369950 | 第一借阅区/ [索取号:F511.41/9=3] | 在馆 | |
| 3 | 0836996 | 208369969 | 密集书库-海洋学院/ [索取号:F511.41/9=3] | 在馆 |